NFL MVPS-Sudden Death - Statistics

General Stats
  • This quiz has been taken 760 times
  • The average score is 8 of 15
Answers on the Grid
Answers color-coded by a green-red scale on the quiz's grid according to % correct below.
Josh Allen
Russell Wilson
Matt Ryan
Marshawn Lynch
Adrian Peterson
Lamar Jackson
Patrick Mahomes
Tom Brady
Ben Roethlisberger
Phillip Rivers
Eli Manning
Peyton Manning
Cam Newton
Aaron Rodgers
Drew Brees
Julio Jones
Larry Fitzgerald
Rob Gronkowski
JJ Watt
Aaron Donald
Jared Goff
Dan Marino
Jim Kelly
Tony Romo
Ladanian Tomlinson
Shaun Alexander
Kurt Warner
Brett Favre
Joe Montana
Todd Gurley
 
Answer Stats
Answer % Correct
Josh Allen
93%
Lamar Jackson
73%
Tom Brady
73%
Patrick Mahomes
69%
Adrian Peterson
62%
Peyton Manning
58%
Aaron Rodgers
53%
Cam Newton
51%
Matt Ryan
51%
Joe Montana
40%
Brett Favre
36%
Ladanian Tomlinson
32%
Dan Marino
30%
Shaun Alexander
27%
Kurt Warner
26%
No matching quizzes found
Score Distribution
Percent of People with Each Score
Percentile by Number Answered
Your Score History
You have not taken this quiz